| 000 | 01215cam a2200313 a 4500 | ||
|---|---|---|---|
| 001 | 2350287 | ||
| 003 | OSt | ||
| 005 | 20220425045059.0 | ||
| 008 | 830602s1983 utucf 000 0aeng | ||
| 010 | _a 83010841 | ||
| 020 |
_a0935704191 : _c$19.95 |
||
| 020 |
_a0935704183 (pbk.) : _c$10.95 |
||
| 020 | _z0935704182 | ||
| 040 |
_aMMU _cMMU _dMMU _beng |
||
| 043 | _an-us--- | ||
| 050 | 0 | 0 |
_aSB482.A4 _bG37 1983 |
| 082 | 0 | 0 |
_a333.78/3/0924 _aB _219 |
| 100 | 1 |
_aGarrison, Lemuel A., _d1903- |
|
| 245 | 1 | 4 |
_aThe making of a ranger : _bforty years with the National Parks / _cby Lemuel A. Garrison ; with an introduction by Russell Dickenson. |
| 260 |
_aSalt Lake City : _bHowe Brothers ; _aSun Valley, Idaho : _bInstitute of the American West, _c1983. |
||
| 300 |
_a310 p., [32] p. of plates : _bports. ; _c24 cm. |
||
| 440 | 0 |
_aInstitute of the American West books ; _vv. 1 |
|
| 600 | 1 | 0 |
_aGarrison, Lemuel A., _d1903- |
| 610 | 1 | 0 |
_aUnited States. _bNational Park Service _xOfficials and employees _xBiography. |
| 650 | 0 |
_aPark rangers _zUnited States _xBiography. |
|
| 650 | 0 |
_aNational parks and reserves _zUnited States _xHistory. |
|
| 906 |
_a7 _bcbc _corignew _d1 _eocip _f19 _gy-gencatlg |
||
| 942 |
_2lcc _cLOAN LOAN |
||
| 999 |
_c16845 _d16845 |
||